000 00789nam a2200229 a 4500
001 13679
003 BD-JhCC
005 20240313204647.0
008 240313b 2007u a|||| ||a| 001 0 eng d
020 _a0226561410
035 _a(BD-JhCC)13679
040 _aBD-JhCC
_dBD-JhCC
041 _aeng
082 _a909
_b MCN 2007
100 _a McNeill, William Hardy
245 _aThe rise of the West : a history of the human community : with a retrospective essay /
_bWilliam Hardy McNeill
260 _aChicago:
_bUniversity of Chicago Press;
_c2007.
300 _a828 p. :
_bill
_c22 cm.
650 _a15.50 general world history; history of great parts of the world, peoples, civilizations: general
_vCivilisation occidentale
_xCivilisation Histoire
942 _2ddc
_cBK
999 _c13679
_d13679